<?xml version="1.0" encoding="UTF-8"?><?xml-stylesheet type="text/xsl" href="static/style.xsl"?><OAI-PMH xmlns="http://www.openarchives.org/OAI/2.0/" xmlns:xsi="http://www.w3.org/2001/XMLSchema-instance" xsi:schemaLocation="http://www.openarchives.org/OAI/2.0/ http://www.openarchives.org/OAI/2.0/OAI-PMH.xsd"><responseDate>2026-04-29T11:00:28Z</responseDate><request verb="GetRecord" identifier="oai:uvadoc.uva.es:10324/52296" metadataPrefix="marc">https://uvadoc.uva.es/oai/request</request><GetRecord><record><header><identifier>oai:uvadoc.uva.es:10324/52296</identifier><datestamp>2023-05-30T10:27:06Z</datestamp><setSpec>com_10324_38</setSpec><setSpec>col_10324_852</setSpec></header><metadata><record xmlns="http://www.loc.gov/MARC21/slim" xmlns:doc="http://www.lyncode.com/xoai" xmlns:xsi="http://www.w3.org/2001/XMLSchema-instance" xmlns:dcterms="http://purl.org/dc/terms/" xsi:schemaLocation="http://www.loc.gov/MARC21/slim http://www.loc.gov/standards/marcxml/schema/MARC21slim.xsd">
<leader>00925njm 22002777a 4500</leader>
<datafield tag="042" ind1=" " ind2=" ">
<subfield code="a">dc</subfield>
</datafield>
<datafield tag="720" ind1=" " ind2=" ">
<subfield code="a">Barrio Pérez, Beatriz del</subfield>
<subfield code="e">author</subfield>
</datafield>
<datafield tag="260" ind1=" " ind2=" ">
<subfield code="c">2022</subfield>
</datafield>
<datafield tag="520" ind1=" " ind2=" ">
<subfield code="a">El presente Trabajo Fin de Grado trata una propuesta en torno a la estrategia del estudio de caso en las Ciencias Sociales para trabajar la historia, concretamente el periodo de la Guerra Civil española. Para ello, previamente se ha realizado un análisis y documentación fundamentada, contrastando los datos que interesaban para trabajar el método de caso y aplicar la propuesta establecida. Dicha propuesta ha sido planteada para alumnos de 6º de Educación Primaria y, aunque no se ha podido poner en práctica, el análisis y determinación de la misma ha sido exhaustivo. Además, al tratarse de una metodología innovadora, en la que el alumnado es el protagonista de su aprendizaje, los numerosos recursos que se presentan hacen posible una mayor comprensión del periodo que se quiere&#xd;
tratar.</subfield>
</datafield>
<datafield tag="024" ind2=" " ind1="8">
<subfield code="a">https://uvadoc.uva.es/handle/10324/52296</subfield>
</datafield>
<datafield tag="245" ind1="0" ind2="0">
<subfield code="a">Estudio de caso para la enseñanza de la historia reciente en Educación Primaria</subfield>
</datafield>
</record></metadata></record></GetRecord></OAI-PMH>